| 000 | 01082nam0a2200301 4500 | ||
|---|---|---|---|
| 001 | RU\NLR\bibl\449462 | ||
| 005 | 20250623181300.0 | ||
| 035 | _a(NLR Aleph) 000443110 | ||
| 090 |
_a826595 _c826595 |
||
| 100 | _a20031020d2002 |||y0rusy50 ca | ||
| 101 | 0 |
_arus _erus _eeng |
|
| 102 | _aRU | ||
| 105 | _aa ||||||||| | ||
| 200 | 1 |
_aБешенство _e[Сб. _fСост. В.В. Макаров] |
|
| 210 |
_aМ. _cВетеринар. консультант _d2002 |
||
| 215 |
_a144 с. _cил. _d26 |
||
| 225 | 1 |
_aВетеринарная патология _eНауч.-практ. журн. по фундам. и прикл. вопр. ветеринарии _x1682-5616 _vN 1 |
|
| 320 | _aБиблиогр. в конце ст. | ||
| 606 | 0 |
_aБешенство животных _jСборники _91148009 _3RU\NLR\auth\66139522 |
|
| 686 | _aП873.212я43 | ||
| 702 | 1 |
_aМакаров _bВ. В. _4220 |
|
| 801 | 0 |
_aRU _bNLR _c20031020 _gPSBO |
|
| 801 | 1 |
_aRU _bNLR _c20031020 |
|
| 852 |
_aNLR _jП14/931 |
||
| 942 | _cBOOK | ||
| 980 | _aNB | ||